How to Minister To Your Spouse / (Record no. 3595)

MARC details
000 -LEADER
fixed length control field 00508nam a2200181Ia 4500
003 - CONTROL NUMBER IDENTIFIER
control field GBCCL
005 - DATE AND TIME OF LATEST TRANSACTION
control field 20241126110458.0
008 - FIXED-LENGTH DATA ELEMENTS--GENERAL INFORMATION
fixed length control field 171129b xxu||||| |||| 00| 0 eng d
040 ## - CATALOGING SOURCE
Transcribing agency gbc
082 ## - DEWEY DECIMAL CLASSIFICATION NUMBER
Classification number 248.844
Item number TOW
100 ## - MAIN ENTRY--PERSONAL NAME
Personal name Towsend, Claude
9 (RLIN) 7158
245 ## - TITLE STATEMENT
Title How to Minister To Your Spouse /
Statement of responsibility, etc. Claude Townsend
260 ## - PUBLICATION, DISTRIBUTION, ETC.
Name of publisher, distributor, etc. All India Prayer Fellowship,
Place of publication, distribution, etc. New Delhi:
Date of publication, distribution, etc. 1984
300 ## - PHYSICAL DESCRIPTION
Extent 70p.;
Dimensions 17 cm.
650 ## - SUBJECT ADDED ENTRY--TOPICAL TERM
Topical term or geographic name entry element Christian Counselling
9 (RLIN) 7159
650 ## - SUBJECT ADDED ENTRY--TOPICAL TERM
Topical term or geographic name entry element Married couples
9 (RLIN) 7160
942 ## - ADDED ENTRY ELEMENTS (KOHA)
Source of classification or shelving scheme Dewey Decimal Classification
Koha item type Books
Koha issues (borrowed), all copies 3
Holdings
Withdrawn status Lost status Source of classification or shelving scheme Damaged status Not for loan Home library Current Library Shelving location Date acquired Total checkouts Full call number Barcode Date last seen Date last checked out Copy number Price effective from Koha item type
    Dewey Decimal Classification     GRACE BIBLE COLLEGE GRACE BIBLE COLLEGE Ministry & Mission 2017-11-29 2 248.844 TOW 004712 2025-05-01 2019-10-09 c.1 2017-11-29 Books
    Dewey Decimal Classification     GRACE BIBLE COLLEGE GRACE BIBLE COLLEGE Ministry & Mission 2018-04-30 1 248.844 TOW 004715 2025-05-01 2018-08-01 c.2 2018-04-30 Books
© Grace Bible College Library 2025